Missing Word: What Sport? Quiz Stats

 Plays Quiz Updated Sep 4, 2012

Support Sporcle.
Go Orange.
Score 0/16 Timer 02:00
0 Plays Today
Movie Answer % Correct
The A-________Team
96.4%
________ of DreamsField
92.2%
Take the Money and ________Run
92.1%
The Longest ________Yard
90.6%
A ________ of Their OwnLeague
86.8%
________FOOTBALL
81.2%
Any Given ________Sunday
75.2%
________ BeautyAmerican
62%
Movie Answer % Correct
Semi-________Pro
60.5%
Extremely ________ & Incredibly CloseLoud
59.9%
________ CarterCoach
53.9%
Hall ________Pass
51%
Monty Python Live at the Hollywood _______Bowl
50.2%
_____ of FuryBalls
44.6%
War ________Games
36.4%
The Arsenal ________ MysteryStadium
7%

Today's Daily Dose

You're not logged in!

Compare scores with friends on all Sporcle quizzes.
OR
Log In

From the Vault

Olympic Boycott Countries (1980 & 1984)

by km3t

These boycotts may have been the most lukewarm part of the cold war.
Remove Ads.
Support Sporcle.
Get the best of Sporcle when you Go Orange. This ad-free experience offers more features, more stats, and more fun while also helping to support Sporcle. Thank you for becoming a member.

Show Comments

Extras

Top Quizzes Today


Score Distribution

Your Account Isn't Verified!

In order to create a playlist on Sporcle, you need to verify the email address you used during registration. Go to your Sporcle Settings to finish the process.

Report this User

Report this user for behavior that violates our Community Guidelines.

Details: